JCT: Trade Contractor Collateral Warranty for a Funder 2016. (Record no. 121422)

MARC details
000 -LEADER
fixed length control field 00712cam a2200205za 4500
005 - DATE AND TIME OF LATEST TRANSACTION
control field 20230403153934.0
007 - PHYSICAL DESCRIPTION FIXED FIELD--GENERAL INFORMATION
fixed length control field ta
008 - FIXED-LENGTH DATA ELEMENTS--GENERAL INFORMATION
fixed length control field 230403e201706uuxxk | |||||||0|0 eng|d
020 ## - INTERNATIONAL STANDARD BOOK NUMBER
ISBN 9780414058095 (pbk.) :
041 ## - LANGUAGE CODE
Language code of text/sound track or separate title eng
082 04 - DEWEY DECIMAL CLASSIFICATION NUMBER
Classification number 343.41078624
245 10 - TITLE STATEMENT
Title JCT: Trade Contractor Collateral Warranty for a Funder 2016.
Subtitle TCWa/F 2016
260 ## - PUBLICATION INFORMATION
Place of publication London :
Publisher Sweet & Maxwell :
-- [distributor] Sweet & Maxwell Ltd :
-- [distributor] Thomson Reuters :
-- [distributor] Thomson Reuters :
-- [distributor] Academic Marketing Services (Pty),
Date 2017.
300 ## - PHYSICAL DESCRIPTION
Physical description 19p.
490 ## - SERIES TITLE
Series statement JCT Contracts 2016
500 ## - GENERAL NOTE
General note Paperback.
651 ## - SUBJECT ADDED ENTRY--GEOGRAPHIC NAME
Geographic name United Kingdom
942 ## - ADDED ENTRY ELEMENTS (KOHA)
Suppress in OPAC Do not suppress in OPAC
Holdings
Lost status Damaged status Not for loan Home library Current library Shelving location Date acquired Total Checkouts Full call number Date last seen Price effective from Koha item type
      London London Boxed set 03/04/2023   JCT CONTRACTS 03/04/2023 03/04/2023 Book